| 000 | 00358nam a2200133Ia 4500 | ||
|---|---|---|---|
| 008 | 240624s9999 xx 000 0 und d | ||
| 041 | _aeng | ||
| 082 | _a658.812 KUM | ||
| 100 | _aKUMAR V | ||
| 245 | _aCUSTOMER RELATIONSHIP MANAGEMENT A DATABASE | ||
| 260 |
_c2006 _aNew Jersey _bJohn Wiley and Sons |
||
| 300 | _axxiv, : 323 : p. : cm. ; 25 | ||
| 365 |
_c _b28 |
||
| 999 |
_c7363 _d7363 |
||